¿Una nueva edad del mundo? (Record no. 138433)

MARC details
000 -LEADER
campo de control de longitud fija 00632nam a2200157 4500
001 - NÚMERO DE CONTROL
campo de control 138433
003 - IDENTIFICADOR DE NÚMERO DE CONTROL
campo de control ES-MaACL
007 - CAMPO FIJO DE DESCRIPCIÓN FÍSICA--INFORMACIÓN GENERAL
campo de control de longitud fija t|
008 - DATOS DE LONGITUD FIJA--INFORMACIÓN GENERAL
campo de control de longitud fija 070214q1953 sp r ||||1| spa d
100 0# - ENTRADA PRINCIPAL--NOMBRE DE PERSONA
Nombre de persona Sangrán y González, Joaquín de,
Títulos y otros términos asociados al nombre Marqués de los Ríos
9 (RLIN) 103142
245 11 - MENCIÓN DEL TÍTULO
Título ¿Una nueva edad del mundo?
Resto del título : ensayo sobre el milenio del Apocalipsis, en relación con otras profecías del Antiguo y del Nuevo Testamento /
Mención de responsabilidad, etc. Joaquín de Sangrán y González, Marqués de los Ríos.
260 ## - PUBLICACIÓN, DISTRIBUCIÓN, ETC.
Lugar de publicación, distribución, etc. Madrid :
Nombre del editor, distribuidor, etc. Escelicer,
Fecha de publicación, distribución, etc. [1953?]
300 ## - DESCRIPCIÓN FÍSICA
Extensión 319 p. ;
Dimensiones 22 cm.
852 ## - LOCALIZACIÓN
Ubicación ES-MaACL
Número de control de estantería C-6432
Sublocalización o colección R.35614
Holdings
Estatus retirado Estado de pérdida Estado de daño No para préstamo Biblioteca de origen Biblioteca actual Ubicación en estantería Fecha de adquisición Fuente de adquisición Total de préstamos Signatura topográfica completa Código de barras Visto por última vez Precio de reemplazo Tipo de ítem Koha
        Biblioteca del Ateneo de Madrid Biblioteca del Ateneo de Madrid Sala Palomar 17/01/2008     C-6432 1144047 23/02/2023 23/02/2023 Libro impreso